[Event "Moscow Aeroflot op-A"]
[Site "Moscow"]
[Date "2007.02.15"]
[Round "2"]
[White "Evdokimov, Alexander A"]
[Black "Petrosian, Tigran L"]
[Result "1-0"]
[WhiteElo "2531"]
[BlackElo "2592"]
[Annotator "Reeh,O"]
[PlyCount "41"]
[EventDate "2007.02.14"]
[EventType "swiss"]
[EventRounds "9"]
[EventCountry "RUS"]
[SourceTitle "CBM 117"]
[Source "ChessBase"]
[SourceDate "2007.03.30"]
[SourceVersion "1"]
[SourceVersionDate "2007.03.30"]
[SourceQuality "1"]

1. d4 Nf6 2. c4 g6 3. Nc3 d5 4. cxd5 Nxd5 5. g3 Bg7 6. Bg2 Nxc3 7. bxc3 c5 8.
e3 Qa5 9. Ne2 cxd4 {This exchange and the following push of the e-pawn open
the centre for White's pieces. More cautious was the restrained 9...0-0.
Dieser Tausch und der anschließende Vorstoß des e-Bauern öffnen das Zentrum
für die weißen Figuren. Vorsichtiger war das zurückhaltende 9...0-0.} 10. exd4
e5 11. O-O exd4 12. Nxd4 O-O 13. Be3 Nd7 (13... Qxc3 {was worth considering.
For his lack in development Black at least has a plus pawn which he can always
return in order to mobilize his queenside. kam in Betracht. Für seinen
Entwicklungsnachteil hat Schwarz zumindest einen Mehrbauern welchen er immer
zurückgeben kann, um seinen Damenflügel zu mobilisieren.}) 14. Qb3 Nb6 15. Rab1
{White's pressure in the b-file makes it difficult for Black to develop. Der
weiße Druck in der b-Linie macht es Schwarz schwer, sich zu entwickeln.} Qa6
16. Rfc1 Nc4 $2 {The black knight doesn't have any support in the centre (in
contrast to White's Nd4!), therefore these manoeuvres only lose precious time.
Der schwarze Springer hat keinen Stützpunkt im Zentrum (im Gegensatz zum
weißen Sd4!), daher bedeuten diese Manöver letztlich nur Zeitverlust.} ({
A better attempt was Ein besser Versuch war} 16... Rd8 {(preventing c3-c4),
followed by Bc8-d7. (um c3-c4 zu verhindern), gefolgt von Lc8-d7.}) 17. Bf4 Ne5
18. Re1 Qa5 (18... Nc6 {would run into the strong fände die starke Antwort.}
19. Nb5 {whereas 18...Nd3 would backfire due to the pin 19.Bf1! während 18...
Sd3 nach hinten losginge wegen der Fesselung 19.Lf1!}) 19. Bd5 Nd3 {[%tqu "En",
"How do you react to Black's knght fork on d3?","White's army is completely
mobilized, whereas Black has not connected his rooks yet.","Which is usually
the weakest spot of a position in the opening?","d5f7","Very good!  You have
seen that after Black takes on f7, White can win immediately by occupying the
seventh rank with his rook.",15,"De","Wie reagieren Sie auf die schwarze
Springergabel auf d3?","Die Armee von Weiß ist vollständig mobilisiert,
während Schwarz seine Türme noch nicht verbunden hat?","Welcher Punkt ist in
der Eröffnung gewöhnlich am anfälligsten?","d5f7","Sehr gut!  Sie haben
erkannt, dass wenn Schwarz jetzt auf f7 nimmt, Weiß sofort gewinnt, indem er
mit seinem Turm auf die siebte Reihe eindringt.",15]} 20. Bxf7+ $1 {Luring the
black rook into a lethal pin on the diagonal b3-g8. Lockt den schwarzen Turm
in eine tödliche Fesselung auf der Diagonalen b3-g8.} Rxf7 {Hastening the end.
Beschleunigt das Ende.} ({However,} 20... Kh8 21. Bd6 Nxe1 22. Bxf8 Bxf8 23.
Rxe1 {was also pretty gruesome. war allerdings auch sehr unersprießlich.}) {
[%tqu "En","What was the point of White's sacrifice on the previous move?",
"White has two attractive rook moves here, but only one of them is winning!",
"Seventh or eighth rank, that's the question.","e1e7","Excellent!  Now Black
is lost since he has no satisfactory way to protect f7 - see variation.",15,
"e1e7","",0,"e1e8","In connection with 22.Bh6 basically a very nice idea -
however, after this can rescue himself.  Sorry, no points!",0,"De","Was war
die Pointe des weißen Opfers im vorigen Zug?","Weiß hat zwei attraktive
Turmzüge an dieser Stelle - doch nur einer gewinnt!","Siebte oder achte Reihe,
das ist die Frage.","e1e7","Ausgezeichnet!  Danach ist Schwarz verloren, denn
er kann f7 nicht vernünftig decken - siehe Variante.",15,"e1e7","",0,"e1e8",
"In Verbindung mit 22.Lh6 eigentlich eine sehr schöne Idee - doch Schwarz hat
eine rettende Verteidigung.   Leider keine Punkte!",0]} 21. Re7 $1 {Simple and
strong - Black has no satisfactory way to protect f7. Einfach und stark -
Schwarz kann f7 nicht vernünftig decken.} (21. Re7 {and Black resigned, since
after und Schwarz gab auf, denn nach} Be6 (21... Ne5 22. Bxe5) 22. Qxe6 Raf8
23. Rxf7 Rxf7 {yet another intruder on the seventh rank decides the game:
entscheidet ein neuer Eindringling auf der siebten Reihe die Partie:} 24. Rxb7
$1) (21. Re8+ $2 Bf8 22. Bh6 {would have spoiled everything due to hätte
dagegen alles verdorben} Be6 $1 {when , wonach} 23. Qxe6 ({better is besser ist
} 23. Rxf8+ Raxf8 24. Qxe6 $11) {would even be bad for White: sogar für Weiß
schlecht wäre:} 23... Rxe8 24. Qxe8 Qxa2) 1-0

[Event "Dresden ZMD op"]
[Site "Dresden"]
[Date "2015.08.23"]
[Round "9"]
[White "Roiz, Michael"]
[Black "Wagner, Dennis"]
[Result "1-0"]
[WhiteElo "2595"]
[BlackElo "2569"]
[Annotator "Roiz,M"]
[PlyCount "79"]
[EventDate "2015.08.15"]
[EventType "swiss"]
[EventRounds "9"]
[EventCountry "GER"]
[SourceTitle "CBM 168"]
[Source "ChessBase"]
[SourceDate "2015.09.14"]
[SourceVersion "1"]
[SourceVersionDate "2015.09.14"]
[SourceQuality "1"]

1. d4 Nf6 2. c4 g6 3. g3 c6 {Even though my opponent's usual response here is
3...Bg7, his solid choice wasn't fully unexpected. This game was played in the
last round, when draw would enable Dennis to share the first place, so he had
every reason for not taking too much risk.} 4. Bg2 d5 5. Qa4 {At the same time,
this move came as a surprise, since I had never used it in my practice before.}
Nfd7 {One of the most principled responses - Black is trying to provoke
releasing the pressure in the centre in order put the Nb8 on c6, which is the
most natural square.} ({Instead, there were many alternatives:} 5... dxc4 {
offers White superiority in the centre, so after} 6. Qxc4 Be6 7. Qa4 Bg7 8. Nf3
O-O 9. O-O {I do not like Black's position.}) (5... Nbd7 6. cxd5 Nb6 {has been
played by many strong players, but the Nb6 remains rather misplaced, so
White's position seems preferable after} 7. Qb3 cxd5 8. Nc3 $14) (5... Bg7 $5 {
deserves serious attention:} 6. cxd5 Nxd5 7. Nf3 O-O 8. O-O Bf5 {fighting for
control over the e4-spot.}) 6. cxd5 ({Quite popular on the high level is:} 6.
Qc2 dxc4 7. Qxc4 Bg7 (7... Nb6 8. Qd3 Na6 9. Nf3 Bg7 10. O-O O-O 11. Rd1 c5 12.
Nc3 Bf5 $132 {1-0 Vachier Lagrave,M (2742)-Volokitin,A (2683)/Germany 2013}) 8.
Nf3 O-O 9. O-O e5 10. dxe5 Nxe5 11. Nxe5 Bxe5 $11 {1/2 Akopian,V (2681)
-Mamedov,R (2647)/Warsaw 2013}) 6... Nb6 7. Qd1 {In my opinion, this
modest-looking retreat is the only way to pose Black any problems.} ({After} 7.
Qb3 cxd5 8. Nc3 Nc6 9. e3 e6 10. Nge2 Bg7 11. O-O O-O 12. Rd1 Bd7 {like was
played in Bocharov,D (2613)-Sturua,Z (2513)/Abu Dhabi 2009, Black's position
looks absolutely normal.}) 7... cxd5 8. Nc3 Bg7 9. e3 O-O 10. Nge2 Nc6 11. O-O
e6 $146 {Protecting the central Pd5 in order to put the bishop on d7. This
natural move was played after more than 20 minutes of thinking.} (11... Bg4 {
The more active way of development was this,} {but after} 12. a4 {Black still
experiences some problems:} a5 (12... e6 $4 13. f3 $18 {1-0 Saduakassova,D 
(2401)-Lei Tingjie (2436)/Al-Ain UAE 2015 (36)}) 13. h3 Bxe2 14. Qxe2 $14 {
White keeps on a slight advantage mainly due to a poor placement of the Nb6.})
12. b3 {That is the idea behind White's 7th move - the Nb6 is comfortably
restricted now.} a5 {A double-edged decision: Black secures the b4-spot for
the knight, but the Pa5 is rather vulnerable now.} 13. a4 ({Nothing special is
promised by} 13. Ba3 Nb4 14. Qd2 Bd7 15. Nf4 Qe7 16. Nd3 Rfc8 {and it looks
like Black should be able to regroup his forces.}) 13... Bd7 {A standard
developing move, which is connected with an original plan.} ({I was mainly
expecting:} 13... Nb4 14. Ba3 Re8 15. Na2 (15. Bxb4 $6 axb4 16. Na2 Bf8 17. Qd2
Nd7 18. Nf4 Nb8 19. Rfc1 Nc6 $11) 15... Nxa2 16. Rxa2 Bd7 17. Nf4 $14) 14. Ba3
Re8 15. Qd2 ({After} 15. Nb5 Nc8 16. Qd2 Nb4 $1 17. Bxb4 axb4 18. Qxb4 Qb6 $1 {
Black manages to win the pawn back and solve all the problems.}) 15... Nc8 {
The knight is heading to a7 - it is not the most usual setup, but Black
desperately lacks space for the minor pieces.} 16. Nf4 {The knight is coming
to d3 in order to cover the important b4-spot.} Rb8 {This move looks somewhat
mysterious, but it can hardly be considered as a serious mistake.} ({Possibly,
the most natural} 16... Nb4 {was rejected by Dennis in view of:} 17. Bxb4 {
(Definitely not the only way to fight for an advantage, but why not grab a
pawn)} axb4 18. Na2 Bf8 19. Nxb4 Qa5 20. Nfd3 b5 21. Nc5 Bxc5 22. dxc5 bxa4 23.
Qd4 $14) ({The exchange of the dark-squared bishops has some drawbacks too:} 
16... Bf8 17. Bxf8 Rxf8 18. e4 dxe4 19. Nxe4 $14) 17. Nd3 $6 ({Keeping the
knight on f4 for a while seems more flexible:} 17. Rfc1 $142 $1 b6 18. h4 N8a7
19. Bf1 {Black's position is rather unpleasant, since many pieces are clearly
misplaced.}) 17... b6 $1 18. Rac1 N8a7 {To be honest, I'd completely
overlooked the idea of delivering the bishop to a6.} 19. Rc2 Bc8 $1 20. Rfc1
Ba6 {Black has successfully solved the problem of his passive Bc8, so White
has to play very precisely in order to keep Black under some pressure.} 21. Ne2
(21. Bf1 Bxd4 22. exd4 Nxd4) 21... Qd7 $2 {Unfortunately for Dennis, this
tactical blunder leads to a very difficult position.} ({At the same time, the
accurate} 21... Rc8 $142 22. Nef4 Qd7 23. Bf1 Nb8 $1 {would allow Black to
simplify matters and slowly equalise.}) 22. Ne5 $1 {It's hard to believe, but
Black's position seems already lost.} Bxe5 (22... Nxe5 {is completely hopeless:
} 23. Rc7 Nc4 (23... Qd8 24. Rxa7 Nd3 25. Rcc7 $18) 24. R1xc4 Qd8 25. Rxa7 dxc4
26. Rxa6 cxb3 27. Bc6 Qc8 28. Bb5 $18) 23. dxe5 Ra8 ({As was pointed out by
Dennis, after} 23... Rbc8 24. Bd6 f6 (24... b5 25. Rc5 bxa4 26. bxa4 Bc4 27. e4
f6 28. f4 $18) 25. f4 fxe5 26. fxe5 Qg7 27. Nd4 $1 $18 {Black would be
completely paralysed.}) ({The most stubborn was} 23... Bxe2 24. Qxe2 b5 25. Bd6
Rb6 {, though after} 26. Bf1 $1 bxa4 27. bxa4 Nc8 28. Bc5 Nxe5 29. Bxb6 Nxb6
30. Qb5 {White's position seems winning from a technical point of view.}) 24.
Bd6 Rec8 25. Nf4 {Since all Black's pieces are far away from the king, it
definitely makes sense to develop a direct attack on the k-side.} ({Also good
enough was} 25. e4 Bxe2 26. Qxe2 d4 27. Bf1 f6 28. f4 $18 {and Black is
practically paralysed.}) 25... Qe8 26. h4 Ne7 27. e4 $1 {Activating the last
''sleeping'' piece makes White's position completely winning.} dxe4 28. Bxe4
Rxc2 29. Rxc2 Rc8 (29... Rd8 {also left no hope:} 30. Rc7 Rd7 31. Qe3 $18) 30.
Rc7 ({Obviously, White's position would be winning also after} 30. Bc7 Nac6 31.
Bxb6 Bb7 {, but being under some time pressure I decided to simplify matters.})
30... Nac6 ({Nothing is changed by} 30... Rxc7 31. Bxc7 Nac8 32. h5 $18 ({
The more prosaic approach is:} 32. Bxb6 $5 Nxb6 33. Qxa5 Nxa4 34. bxa4 Qc8 35.
Qb6 $18)) 31. Qe3 ({Initially, my idea was} 31. Nh5 $1 gxh5 32. Qh6 Ng6 33.
Bxc6 {but I completely missed} Qd8 34. Rxf7 $1 Kxf7 35. Qxh7#) 31... Rxc7 32.
Bxc7 Nc8 {Desperately looking for any chances to complicate matters in the
middlegame.} (32... Qd7 33. Qxb6 Qd1+ 34. Kh2 Qd4 35. Qxd4 Nxd4 36. Bxa5 Nxb3
37. Bb4 $18) 33. Bxb6 ({For some reason, at this moment I completely forget
about} 33. Nh5 $1 gxh5 34. Qg5+ Kh8 35. Qxh5 Qg8 36. Bxc6 $18 {Well, the text
move doesn't spoil anything.}) 33... Nxe5 34. Bxa5 {My only task at this point
was to reach the 40th move without blundering anything.} Qd7 35. Bc3 (35. Qd2
Nd6 36. Bg2 $18) 35... Ng4 {The remaining few moves were just an agony.} ({Or} 
35... Qd1+ 36. Qe1 Nf3+ 37. Bxf3 Qxf3 38. Qe5 Kf8 39. Qd4 $18) 36. Qd2 Qc7 37.
Bf3 Ne5 38. Bg2 Na7 39. Qd4 f6 40. Nxe6 {This important victory allowed me to
win the tournament.} 1-0

[Event "Gashimov Memorial-B 1st"]
[Site "Shamkir"]
[Date "2014.04.23"]
[Round "4"]
[White "Durarbayli, Vasif"]
[Black "Guseinov, Gadir"]
[Result "0-1"]
[WhiteElo "2584"]
[BlackElo "2621"]
[Annotator "Sagar Shah"]
[PlyCount "77"]
[EventDate "2014.03.21"]
[EventType "tourn"]
[EventRounds "9"]
[EventCountry "AZE"]
[EventCategory "17"]
[SourceTitle "CBM 160"]
[Source "ChessBase"]
[SourceDate "2014.05.15"]
[SourceVersion "1"]
[SourceVersionDate "2014.05.15"]
[SourceQuality "1"]
[TimeControl "40/7200:20/3600:900+30"]
[WhiteClock "0:59:26"]
[BlackClock "0:56:56"]

1. d4 {[%emt 0:00:05]} Nf6 {[%emt 0:00:05]} 2. c4 {[%emt 0:00:04]} g6 {[%emt 0:
01:16]} 3. g3 {[%emt 0:00:06]} c6 {[%emt 0:03:27]} 4. Bg2 {[%emt 0:00:18]} d5 {
[%emt 0:00:07]} 5. Qa4 {[%emt 0:00:05]} (5. cxd5 cxd5 6. Nf3 Bg7 7. Ne5 Ne4 8.
Nd2 Nxd2 9. Bxd2 O-O 10. O-O Nd7 11. Bc3 Nf6 12. Qb3 Ne4 13. Bxe4 dxe4 14. Rfd1
Qb6 15. Qxb6 axb6 16. Nc4 Be6 17. d5 Bg4 18. Bxg7 Kxg7 19. Kf1 b5 20. Ne3 Bd7
21. a3 Rfc8 22. Rac1 Kf6 23. Rxc8 Rxc8 24. d6 e6 25. Ng4+ Kf5 26. Ne3+ Kf6 27.
Ng4+ Kf5 {1/2-1/2 (27) Aronian,L (2812)-Gelfand,B (2777) Zuerich 2014}) 5...
Nfd7 {[%emt 0:00:46]} 6. Qb3 {[%emt 0:00:26]} dxc4 {[%emt 0:00:57]} 7. Qxc4 {
[%emt 0:00:06]} Bg7 {[%emt 0:00:04]} 8. Nf3 {[%emt 0:00:21]} O-O {[%emt 0:01:
12]} 9. O-O {[%emt 0:00:29]} e5 {[%emt 0:01:09]} 10. dxe5 {[%emt 0:03:13]} Nxe5
{[%emt 0:00:20]} 11. Nxe5 {[%emt 0:00:05]} Bxe5 {[%emt 0:00:06]} 12. Qc2 {
[%emt 0:03:53]} Qe7 $146 {[%emt 0:02:35]} (12... Na6 13. Bd2 Qe7 14. Bc3 Re8
15. Bxe5 Qxe5 16. Nc3 Be6 17. e4 Rad8 18. Rfd1 Nb4 19. Qe2 b5 20. Rd2 Qg5 21.
f4 Qc5+ 22. Qf2 Qxf2+ 23. Rxf2 Nd3 24. Rd2 Nb4 25. Rf2 Nd3 26. Rd2 Nb4 27. Rf2
{1/2-1/2 (27) Navara,D (2703)-Ragger,M (2668) Germany 2014}) 13. Nd2 {[%emt 0:
09:05]} Be6 {[%emt 0:12:21]} 14. Nb3 {[%emt 0:12:00]} Na6 {[%emt 0:03:14]} 15.
Bd2 {[%emt 0:07:05]} Rad8 {[%emt 0:04:31]} 16. Ba5 {[%emt 0:01:54]} b6 {
[%emt 0:07:31]} 17. Bc3 {[%emt 0:09:24]} Nb4 {[%emt 0:05:24]} 18. Qe4 {[%emt 0:
04:11]} Bxc3 {[%emt 0:08:45]} 19. bxc3 {[%emt 0:00:14]} Nd5 {[%emt 0:00:04]}
20. Nd4 {[%emt 0:06:46]} Nxc3 {[%emt 0:07:17]} 21. Nxc6 {[%emt 0:00:05]} Qf6 {
[%emt 0:00:15]} 22. Qc2 {[%emt 0:05:33] Black has a small edge because his
knight on c3 is well placed and putting pressure on the white position.'} (22.
Qe3 {was a better move} Nd5 23. Qf3) 22... Rd6 {was a better move} 23. Rfc1 $6
{[%emt 0:14:54]} (23. Rac1 {was definitely better, but then the a2 pawn will
fall.}) (23. Nxa7 {was better.}) 23... Bg4 {[%emt 0:05:09]} 24. Qxc3 $6 {
[%emt 0:04:46] More than a blunder. I think White deliberately went for this
line. But of course Black is close to winning now! Can you spot the little
deflecting idea which is so common!} (24. Ne7+ $1 Qxe7 25. Qxc3 Qxe2 {White
would be a pawn down, but he can fight on.}) 24... Rd1+ $1 {[%emt 0:02:18]} 25.
Rxd1 {[%emt 0:00:10]} Qxc3 {[%emt 0:00:04]} 26. Nxa7 {[%emt 0:07:01]} Bxe2 $17
{[%emt 0:01:14] Black is clearly better and went on to win.} 27. Rdc1 {[%emt 0:
00:27]} Qf6 {[%emt 0:07:11]} 28. Nc6 {[%emt 0:06:50]} Re8 {[%emt 0:02:10]} 29.
Nb4 {[%emt 0:01:43]} Kg7 {[%emt 0:10:07]} 30. Nd5 {[%emt 0:00:41]} Qd4 {
[%emt 0:00:11]} 31. Rab1 {[%emt 0:02:16]} Bc4 {[%emt 0:04:40]} 32. Nc3 {
[%emt 0:06:55]} Bd3 {[%emt 0:03:25]} 33. Rb3 {[%emt 0:01:27]} Rc8 {[%emt 0:00:
31]} 34. Bf3 {[%emt 0:01:07]} Bc4 {[%emt 0:04:53]} 35. Rb4 {[%emt 0:03:11]} Qd2
{[%emt 0:03:39]} 36. Rbb1 {[%emt 0:00:01]} Ba6 {[%emt 0:02:11]} 37. Kg2 {
[%emt 0:00:29]} Rxc3 {[%emt 0:00:15]} 38. Rd1 {[%emt 0:00:35]} Qg5 {[%emt 0:01:
03]} 39. Rd5 {[%emt 0:00:15]} 0-1